000 00928nam a2200265 a 4500
999 _c3954
_d3954
003 ALUPE UNIVERSITY COLLEGE
005 20220222133625.0
008 910410s1990 enk 001 0 eng d
020 _a063202934X
040 _cALUPE UNIVERSITY COLLEGE
050 _aRC847
_b.C87 1990
092 _aD0400895602
100 1 _aCuschieri, A.
245 1 0 _aLaparoscopic biliary surgery /
_cAlfred Cuschieri and George Berci ; with contributions by Margaret Paz-Partlow, Jonathan Sackier, L.K. Nathanson
260 _aOxford :
_bBlackwell Scientific,
_cc1990.
300 _aix, 101 p., [8] plates :
_bill. (some col.) ;
_c29 cm.
504 _aIncludes references and index
650 0 _aCholecystectomy
650 0 _aGallstones
_xSurgery
650 0 _aLaparostomy
700 1 _aBerci, G.
_q(George),
_d1921-
700 1 _aPaz-Partlow, Margaret.
942 _2lcc
_cBK